000 00805cam a22002533a 4500
001 31308
003 PGUSA
005 20140828083658.0
008 100217s2010||||xxu|||||s|||||000 1 eng d
040 _aPGUSA
_beng
042 _adc
050 4 _aPR
100 1 _aMaugham, W. Somerset
_q(William Somerset),
_d1874-1965
245 1 0 _aOrientations
_h[electronic resource] /
_cW. Somerset Maugham
260 _bProject Gutenberg,
_c2010
505 0 _aThe punctiliousness of Don Sebastian -- A bad example -- De amicitia -- Faith -- The choice of Amyntas -- Daisy.
506 _aPublic domain in the USA.
516 _aElectronic text
653 _aShort stories, English
653 _aFiction
830 0 _aProject Gutenberg
_v31308
856 4 0 _uhttp://www.gutenberg.org/ebooks/31308
942 _cEB
999 _c260563
_d260563